Spisy svazek 23
Salvato in:
| Autore principale: | |
|---|---|
| Altri autori: | |
| Natura: | Libro |
| Lingua: | ceco |
| Pubblicazione: |
Praha
Svoboda
1986
|
| Edizione: | 6. vyd. |
| Tags: |
Nessun Tag, puoi essere il primo ad aggiungerne!!
|
MARC
| LEADER | 00000nam a2200000 4500 | ||
|---|---|---|---|
| 001 | c104239 | ||
| 005 | 20230316133315.4 | ||
| 041 | 0 | |a cze | |
| 044 | |a CZ | ||
| 245 | 1 | 0 | |a Spisy |b svazek 23 |c Karl Marx, Friedrich Engels |
| 250 | |a 6. vyd. | ||
| 264 | 1 | |a Praha |b Svoboda |c 1986 | |
| 300 | |a 981 s. | ||
| 100 | 1 | |a Marx, Karl | |
| 700 | 1 | |a Engels, Friedrich | |